000 01996nam a2200529 i 4500
001 41968
003 KOSZ 005
005 20220408104745.0
008 020304s2001 pl a f f |000 0 pol
015 _aUWD 2002/3335
020 _a8301135395
035 _a991017810349705066
035 _a(PL-WaBN)b14820158-48omnis_nlop
035 _ab14820158
035 _a(OCoLC)749917890
035 _azz2005920537
035 _a(PL)b0000001482015
035 _a(EXLNZ-48OMNIS_NETWORK)9910048458305606
040 _aWA N
_cWA N
_dKR U
_dKOSZ 005/HR
041 1 _apol
_heng
046 _k2001
080 _a544
080 _a(07)
245 0 0 _aChemia fizyczna :
_bzbiór zadań z rozwiązaniami /
_cP. W. Atkins [et al. ; rozwiązania zadań z ang. tł. Krzysztof Pigoń, treści zadań i odpowiedzi z ang. tł. Dorota Jamróz et al.].
260 _aWarszawa :
_bWydawnictwo Naukowe PWN,
_c2001.
300 _a790, [2] s. :
_bil. ;
_c24 cm.
336 _aTekst
_btxt
_2rdacontent
337 _aBez urządzenia pośredniczącego
_bn
_2rdamedia
338 _aWolumin
_bnc
_2rdacarrier
380 _aKsiążki
380 _aPublikacje dydaktyczne
385 _mPoziom nauczania
_aSzkoły wyższe
388 _a2001-
500 _aTreści zadań i odpowiedzi pochodzą z: "Physical chemistry" 1998, rozwiązania zadań pochodzą z: Student's solutions manual for physical chemistry, 1998.
650 7 _aChemia fizyczna
_2DBN
655 7 _aPodręcznik
_2DBN
658 _aChemia
700 1 _aAtkins, Peter William
_d(1940- )
_eAutor
700 1 _aJamróz, Dorota
_eTłumaczenie
700 1 _aPigoń, Krzysztof
_d(1925-2001)
_eTłumaczenie
710 2 _aWydawnictwo Naukowe PWN
_4pbl
740 0 _aPhysical chemistry
740 0 _aStudent's solutions manual for physical chemistry
856 _uhttp://koha.tu.koszalin.pl/cgi-bin/koha/opac-detail.pl?biblionumber=41968
_yKatalog online BPK
942 _2UKD
_cKS
999 _c41968
_d41968